000 01538cam a2200349 i 4500
001 25364
003 Mx-PuUPA
005 20260514131045.0
008 140415s2019 mx a gr 000 0 spa d
020 _a9786071735850
040 _cMx-PuUPA
_aMx-PuUPA
_bspa
_dMx-PuUPA
_erda
041 0 _aspa
100 1 _aRamírez Zermeño, Rosa María,
_eautor
_916540
245 1 0 _aAlimentos funcionales :
_bprincipios y nuevos productos /
_cRosa María Ramírez Zermeño, José Alberto Pérez Bejarano
250 _aTercera edición /
_bseptiembre
264 1 _aMéxico, Cuidad de México :
_bEditorial Trillas,
_c2019
300 _a326 páginas :
_bilustraciones, tablas ;
_c23 cm
336 _2rdacontent
_atexto
_btxt
337 _2rdamedia
_asin medio
_bn
338 _2rdacarrier
_avolumen
_bnc
505 0 _a"La ciencia aplicada a los nutrimentos ; Desarrollo de nuevos productos ; Aditivos saludables de mayor uso en los alimentos". -- Cubierta
650 7 _2armarc
_aAlimentos
_xComposición
650 7 _2armarc
_aNutrición
650 7 _2armarc
_aAlimentos funcionales
650 7 _2armarc
_aAlimentos
_xBiotecnología
700 1 _aPérez Bejarano, José Alberto,
_eautor
942 _2ddc
_cLI
_h664
_iR56
999 _c25364
_d25364